000 00505nam a2200181 i 4500
001 35797
003 ES-MaACL
005 20230906155222.0
007 t|
008 030214s1969 sp ||||1| cat d
100 1 _aBracieux, Philippe.
_931241
245 1 4 _aLos jinquers /
_cPhilippe Bracieux ; [traducido: Ana Doménec].
260 _aBarcelona :
_bGrijalbo,
_c1969.
300 _a209 p. ;
_c20 cm.
700 1 _aDomènec, Ana.
_9199871
852 _aES-MaACL
_jC-51004
_bR.68803
999 _c35797
_d35797